000 00842nas a2200265 4500
001 BR2012005727
003 BR-BrBNA
005 20231205120934.0
007 ta
008 230509b bl.|||p| |||| 00| 00por d
040 _aBR-BrBNA
_bpor
_cBiblioteca Nacional de Agricultura
041 _a(Pt)
072 _aL40
100 1 _aDias, F.M.S.
100 1 _aCasagrande, M.M.
100 1 _aMielke, O.H.H.
245 1 _aAspectos biológicos e morfologia externa dos imaturos de Memphis moruus stheno (Prittwitz (Lepidoptera: Nymphalidae)
650 _aBORBOLETA
650 _aMORFOLOGIA ANIMAL
650 _aLEPIDOPTERO
650 _aBIOLOGIA ANIMAL
773 0 _tNeotropical Entomology (Brazil)
_xISSN 1519-566X
_g(May-Jun 2010), v. 39(3) p. 400-413
_wBR2012005727
909 _a202311
_bLúcia
_c55
_dLúcia Elande
942 _2AGRIS
_n0
_cANA
999 _c221084
_d221084